Análisis cuantitativo de la actividad turística /

Guardado en:
Autor Principal: Alegre Martín, Joaquín
Otros Autores: Cladera Munar, Magdalena, Juaneda Sampol, Catalina N.
Formato: Libro
Idioma:Spanish
Publicado: Madrid : Pirámide, [2003]
Series:Economía y empresa (Ediciones Pirámide)
Materias:
Etiquetas: Agregar Etiqueta
Sin Etiquetas, Sea el primero en etiquetar este registro!
LEADER 00983nam a2200265 a 4500
001 EEO.eeo001029
008 030627s2003####sp#a###g#b####000#0#spa##
005 20160404114601.0
245 1 0 |a Análisis cuantitativo de la actividad turística /  |c Joaquín Alegre Martín, Magdalena Cladera Munar, Catalina N. Juaneda Sampol. 
260 |a Madrid :  |b Pirámide,  |c [2003] 
300 |a 303 p. :  |b il. ;  |c 24 cm. 
490 1 |a Colección "Economía y empresa" 
504 |a Incluye referencias bibliográficas (p. 303). 
020 |a 843681746X 
100 1 0 |a Alegre Martín, Joaquín 
700 1 0 |a Cladera Munar, Magdalena 
700 1 0 |a Juaneda Sampol, Catalina N. 
830 0 |a Economía y empresa (Ediciones Pirámide) 
650 0 7 |a Turismo.  |2 Isoc 
650 0 7 |a Estadística.  |2 Isoc 
650 0 7 |a Análisis de regresión.  |2 Isoc 
650 0 7 |a Análisis estadístico.  |2 Isóc 
019 |a M 4195-2003 
040 |a M-BN  |b spa  |c M-BN 
859 |a AR-BaUEB  |b BIB. ECONOMIA - General  |h 338.4791  |i Al25  |p e13963